| 000 | 00604nam a2200205Ia 4500 | ||
|---|---|---|---|
| 005 | 20250923144858.0 | ||
| 008 | 008 250917s9999 xx 000 0 eng d | ||
| 037 | _aTextual | ||
| 040 |
_aDSWL _beng _cDSWL |
||
| 041 |
_aeng _2eng |
||
| 084 |
_a2n251,N64, N64 _qDSWL |
||
| 100 |
_aGoil, N.K. _9829368 |
||
| 245 | 0 |
_aDirectory of Libraries and Who's Who in Library Profiles _cby N.K. Goil |
|
| 260 |
_aDelhi _bLibrary Association Co. Har _c1960 |
||
| 300 | _ax,91p. | ||
| 365 |
_aINR _b12 |
||
| 925 | _g12 | ||
| 942 |
_cTEXL _h2n251,N64, N64 |
||
| 999 |
_c1444504 _d1444504 |
||